000 00438ntaaa2200181 4500
003 01
005 20251027202057.0
008 0714s1973 ag 01
040 _aAR-BaBN
_bspa
_cAR-BaBN
_eaacr
_dRIC
082 _a252.0000 M46
100 _aMelton, Sparks White
_919340
245 _aWill he find faith?
250 _a1 ed.
260 _aNashville :
_bBroadman Press,
_cc1934
300 _a143 p
650 _asermones
_9362
942 _cBK
999 _c15633
_d15633